| 000 | 00399nam a2200145 a 4500 | ||
|---|---|---|---|
| 001 | 2203 | ||
| 003 | CDMR | ||
| 005 | 20130116135225.0 | ||
| 008 | 130130s1987||||||||||||||||||||||||||||d | ||
| 040 |
_aCDMR _bcat _cCPC GIRONA |
||
| 100 | 1 |
_aVives Brescó, Maria Joana _91636 |
|
| 245 | 1 | 3 |
_aLa premsa de Valls al segle XIX _cVives Brescó, MªJoana |
| 260 |
_c1987 _bInstitut d'Estudis Vallencs |
||
| 942 | _cMON | ||
| 999 |
_c2203 _d2203 |
||